NBA ALLSTARS 2022-23 - Statistics

General Stats
  • This quiz has been taken 135 times
  • The average score is 12 of 24
Answer Stats
Hint Answer % Correct
F James
87%
C Jokic
81%
C Embiid
79%
G Doncic
66%
F Tatum
66%
G Morant
62%
G Lillard
59%
F/G Brown
57%
G Fox
53%
G Irving
52%
F/C Sabonis
52%
G Mitchell
49%
F Antetokounmpo
47%
F/C Markkanen
45%
F/G George
43%
G Haliburton
42%
C/F Randle
40%
G Holiday
38%
C Adebayo
36%
G/F Derozan
36%
G Gilgeous Alexander
36%
C/F Jackson
36%
G/F Edwards
35%
C/F Siakam
32%
No matching quizzes found
Score Distribution
Percent of People with Each Score
Percentile by Number Answered
Your Score History
You have not taken this quiz